书目信息 |
| 题名: |
癌症病人的康复指导
|
|
| 作者: | 罗森鲍姆 著 ;宋三泰 编译 | |
| 分册: | ||
| 出版信息: | 北京 科学技术文献出版社 1984 |
|
| 页数: | 271页 | |
| 开本: | 19cm | |
| 丛书名: | ||
| 单 册: | ||
| 中图分类: | R730.1 , R730.57 | |
| 科图分类: | ||
| 主题词: | 癌--康复 , 肿瘤学 | |
| 电子资源: | ||
| ISBN: | ||
| 000 | 00772nam0 2200277 45 | |
| 001 | 0184009684 | |
| 005 | 20040524080930.4 | |
| 010 | @dCNY1.60 | |
| 091 | @a14176.148 | |
| 100 | @a19950602d1984 em y0chiy0121 ea | |
| 101 | 1 | @achi@ceng |
| 102 | @aCN@b110000 | |
| 105 | @ay z 000yy | |
| 106 | @ar | |
| 200 | 10 | @a癌症病人的康复指导@Aai zheng bing ren de kang fu zhi dao@f(美)E.H.罗森鲍姆著@g宋三泰等编译 |
| 210 | @a北京@c科学技术文献出版社@d1984 | |
| 215 | @a271页@d19cm | |
| 606 | @a癌@x康复 | |
| 606 | 0 | @a肿瘤学 |
| 690 | @aR730.1@v3 | |
| 690 | @aR730.57 | |
| 701 | 1 | @a罗森鲍姆@Aluo sen bao mu@bE.H.@4著 |
| 702 | 0 | @a宋三泰@Asong san tai@4编译 |
| 801 | 0 | @aCN@b上海图书馆@c20040524 |
| 801 | 2 | @aCN@bNLC@c20040524 |
| 905 | @f2@b141725-726@dR730.57@e9 | |
| 癌症病人的康复指导/(美)E.H.罗森鲍姆著/宋三泰等编译.-北京:科学技术文献出版社,1984 |
| 271页;19cm |
| ISBN :CNY1.60 |
| ● |
| 相关链接 |
|
|
|
|
正题名:癌症病人的康复指导
索取号:R730.57/9
 
预约/预借
| 序号 | 登录号 | 条形码 | 馆藏地/架位号 | 状态 | 备注 |
| 1 | 0141725 | 000715694 | 第三借阅区/ [索取号:R730.57/9] | 在馆 | |
| 2 | 0141726 | 000715701 | 第三借阅区/ [索取号:R730.57/9] | 在馆 | |
| 3 | 0141727 | 000715710 | 第二样本阅览室/ [索取号:R730.57/9] | 在馆 |